Представление документа в формате RUSMARC

ПолеНазваниеЗначение
  Тип записи a
  Библиографический уровень m
001 Контрольный номер SKBR/2ed7e394-b691-41e0-8335-c68929db8880
005 Дата корректировки 20260312094805.0
010 Индекс ISBN __
a ISBN 978-5-91921-879-1
b Уточнения в пер.
9 Тираж 3000 экз.
d Цена 698-63
035 Другие системные номера __
a Идентификатор записи RU/Тюменская ОНБ/EKC/84/Ф 96-686670539
100 Данные общей обработки __
a Данные общей обработки 20210114d2021 cd y0rusy028902 ca
101 Язык документа 1_
a Язык текста rus
c Язык оригинала dut
102 Страна публикации __
a Страна публикации RU
105 Кодированные данные (монография) __
a Кодированные данные (монография) a z 000yy
181 Поле кодированных данных: вид содержания _0
a Код вида содержания (ISBD) i
181 Поле кодированных данных: вид содержания _0
a Код вида содержания (ISBD) b
182 Поле кодированных данных: тип средства _0
a Код типа средства (ISBD) n
200 Заглавие и сведения об ответственности 1_
a Заглавие Путешествие в космос
f Первые сведения об ответственности Даниэль Фуцелаар
g Последующие сведения об ответственности перевод с нидерландского Галины Эрли
g Последующие сведения об ответственности иллюстрации автора
203 Вид содержания и тип средства __
a Вид содержания Текст
a Вид содержания Изображение
c Тип средства непосредственные
210 Выходные данные 1_
a Место издания Москва
c Издательство ЭНАС-КНИГА
d Дата издания 2021
215 Физическое описание __
a Объем 103, [2] с.
c Иллюстрации/тип воспроизводства ил.
d Формат 26 см
225 Серия 2_
a Серия Это очень интересно
330 Аннотация __
a Аннотация Люк и его подруга Майя мечтали своими глазами посмотреть на запуск космического корабля. Но они и представить не могли, что будут первыми космонавтами, которые отправятся в путешествие к Красной планете. Их ждет захватывающее приключение, полное невероятных событий и удивительных открытий. Не менее увлекательна и вторая часть книги, в которой автор предлагает читателям прикоснуться к величественным тайнам Вселенной. Большой взрыв, невообразимые галактические пространства, звёзды и планеты, вспышки сверхновых, чёрные дыры, белые карлики и даже инопланетяне ждут читателя на страницах этой книги. Увлекательно и доступно Даниэль Фуцелаар рассказывает о великих достижениях человеческого разума, позволивших людям сделать первые шаги по освоению космоса и раскрыть множество секретов мироздания. Но вопросов осталось еще гораздо больше. Ответить на них предстоит будущим ученым и космонавтам. Для младшего и среднего школьного возраста
333 Примечание о целевом назначении __
a Примечание о целевом назначении 6+. Для детей старше шести лет
454 Оригинал _0
1 2001
a Het heelal
f Daniёlle Futselaar
1 700 1
a Futselaar
b D.
g Daniёlle
606 Тематические рубрики __
2 Код системы nlr_sh
a Основная рубрика Астрономия
606 Тематические рубрики __
2 Код системы nlr_sh
a Основная рубрика Астрономия в целом
606 Тематические рубрики __
2 Код системы nlr_sh
a Основная рубрика Художественная литература
606 Тематические рубрики __
2 Код системы nlr_sh
a Основная рубрика Литература Европы (произведения)
y Географическая подрубрика Нидерланды
610 Ключевые слова 0_
a Ключевые слова детская литература
610 Ключевые слова 0_
a Ключевые слова познавательная литература
610 Ключевые слова 0_
a Ключевые слова развивающая литература
610 Ключевые слова 0_
a Ключевые слова нидерландская литература
610 Ключевые слова 0_
a Ключевые слова космос
610 Ключевые слова 0_
a Ключевые слова тема космоса
610 Ключевые слова 0_
a Ключевые слова приключения для детей
610 Ключевые слова 0_
a Ключевые слова космические приключения
610 Ключевые слова 0_
a Ключевые слова занимательная астрономия
610 Ключевые слова 0_
a Ключевые слова путешествия
610 Ключевые слова 0_
a Ключевые слова фэнтези
610 Ключевые слова 0_
a Ключевые слова фэнтези для детей
610 Ключевые слова 0_
a Ключевые слова космические исследования
610 Ключевые слова 0_
a Ключевые слова космонавтика
610 Ключевые слова 0_
a Ключевые слова Вселенная
610 Ключевые слова 0_
a Ключевые слова созвездия
610 Ключевые слова 0_
a Ключевые слова инопланетная жизнь
610 Ключевые слова 0_
a Ключевые слова галактики
686 Индексы других классификаций __
2 Код системы rubbks
a Классификационный индекс мл22.6
686 Индексы других классификаций __
2 Код системы rubbks
a Классификационный индекс мл84
700 Автор _1
a Фамилия Фуцелаар
b Имя Д.
g Полное личное имя Даниэль
4 Код отношения 070
4 Код отношения 440
702 Вторичная интеллектуальная ответственность _1
a Фамилия Эрли
b Имя Г. И.
g Полное личное имя Галина Игоревна
4 Код отношения 730
f Даты 1972-
801 Источник записи _2
b Организация Тюменская ОНБ
a Страна RU
c Дата составления 20221111
g Правила каталогизации PSBO
801 Источник записи _1
b Организация Тюменская ОНБ
a Страна RU
c Дата составления 20221128
g Правила каталогизации PSBO
852 Данные о местонахождении __
i Авторский знак Ф 96
j Шифр хранения мл22.6
900 Макрообъекты __
a Макрообъекты Путешествие в космос. Фуцелаар, Д., 2021
901 Тип документа __
a Ответственный ООФиК/Волкова
t Тип документа m
901 Тип документа __
a Ответственный 3 партия
903 Характеристики (МАРС) __
a Дата передачи 20260306
c Наименование библиотеки (МАРС) Муниципальное бюджетное учреждение культуры "Централизованная библиотечная система" г. Сургут (Центральная городская библиотека им. А. С. Пушкина)
969 Тип издания __
a Тип издания издание для детей
990 Данные о заказе (DOS) __
j Количество экземпляров (DOS) 7
t N записи в КСУ для И/У (DOS) 202603